000
00353 a2200169 4500
001
182707
020
_a
85-325-0034-X
040
_c
Magnum
100
_a
Coelho, Paulo
240
1
0
_a
O diário de um mago
_l
por
245
1
0
_a
O diário de um mago
300
_a
246
362
0
_a
1990
440
1
_a
Rocco
697
_a
LITERATURA GERAL
942
_c
BK
999
_c
182707
_d
182707